[Event "Wch U08"]
[Site "Batumi"]
[Date "2022.09.27"]
[Round "11"]
[White "Zahariev, Velislav"]
[Black "Khaled, Aljamaat"]
[Result "0-1"]
[WhiteElo "1290"]
[BlackElo "1109"]
[PlyCount "68"]
[EventDate "2022.09.16"]
[EventType "swiss"]
[EventRounds "11"]
[EventCountry "GEO"]
[SourceTitle "EXT 2023"]
[Source "ChessBase"]
[SourceDate "2022.10.05"]
[SourceVersion "1"]
[SourceVersionDate "2022.10.05"]
[SourceQuality "1"]

1. e4 e5 2. Nf3 Nc6 3. Nc3 Nf6 4. Bb5 Bb4 5. d3 d6 6. 0-0 0-0 7. Bg5 Bxc3 8. bxc3 h6 9. Bh4 Bd7 10. Re1 a6 11. Ba4 Ne7 12. Bxd7 Nxd7 13. d4 Re8 14. Rb1 Rb8 15. Qe2 c6 16. Red1 Qc7 17. Qc4 b5 18. Qd3 Nb6 19. dxe5 dxe5 20. Qd6 Ned5 21. Qxc7 Nxc7 22. Rd6 Re6 23. Rxe6 Nxe6 24. Nxe5 Rc8 25. Rd1 f6 26. Nf3 Na4 27. Rd6 Rd8 28. Rxd8+ Nxd8 29. c4 Nc3 30. cxb5 cxb5 31. e5 Kf7 32. exf6 gxf6 33. Kf1 Nxa2 34. Ke2 Ne6 0-1

[Event "Wch U08"]
[Site "Batumi"]
[Date "2022.09.24"]
[Round "8"]
[White "Eshpulatov, Islombek"]
[Black "Khaled, Aljamaat"]
[Result "0-1"]
[WhiteElo "1274"]
[BlackElo "1109"]
[PlyCount "36"]
[EventDate "2022.09.16"]
[EventType "swiss"]
[EventRounds "11"]
[EventCountry "GEO"]
[SourceTitle "EXT 2023"]
[Source "ChessBase"]
[SourceDate "2022.10.05"]
[SourceVersion "1"]
[SourceVersionDate "2022.10.05"]
[SourceQuality "1"]

1. e4 e5 2. Nc3 Nf6 3. f4 Qe7 4. fxe5 Qxe5 5. Nf3 Qe7 6. d3 d5 7. Bg5 dxe4 8. dxe4 c6 9. Bd3 Bg4 10. Bxf6 gxf6 11. Qd2 Nd7 12. 0-0-0 0-0-0 13. Kb1 Ne5 14. Qf4 Bxf3 15. gxf3 Rg8 16. Qf5+ Qe6 17. Qxh7 Rg7 18. Qh4 Nxf3 0-1